| 000 | 00814nam a2200217 i 4500 | ||
|---|---|---|---|
| 001 | 21516 | ||
| 003 | ES-MaACL | ||
| 005 | 20240529062940.0 | ||
| 007 | t| | ||
| 008 | 021126s1967 sp ||||1| spa d | ||
| 100 | 0 |
_aAlbornoz, Aurora de, _d1926-1990 _919411 |
|
| 245 | 1 | 3 |
_aLa presencia de Miguel de Unamuno en Antonio Machado / _cAurora de Albornoz. |
| 260 |
_aMadrid : _bGredos, _c[1967] |
||
| 300 |
_a373 p. ; _c20 cm. |
||
| 490 | 1 |
_aBiblioteca románica hispánica ; _vII. Estudios y ensayos ; _v106 |
|
| 600 | 1 | 4 |
_aUnamuno, Miguel de, _d1864-1936- _xInfluencia _9172390 |
| 600 | 1 | 4 |
_aMachado, Antonio, _d1875-1939- _xCrítica e interpretación _975154 |
| 830 | 1 |
_aBiblioteca románica hispánica ; _vII. Estudios y ensayos ; _v106 _9180746 |
|
| 852 |
_aES-MaACL _jC-34219 |
||
| 999 |
_c21516 _d21516 |
||